Kỹ thuật điện cao áp T2

DT Kỹ thuật cao áp

Spremljeno u:
Bibliografski detalji
Glavni autor: Hoàng, Việt
Format: Knjiga
Jezik:Undetermined
Izdano: TP.HCM Đại học Quốc gia TP.HCM 2007
Teme:
Online pristup:http://lrc.tdmu.edu.vn/opac/search/detail.asp?aID=2&ID=3776
Oznake: Dodaj oznaku
Bez oznaka, Budi prvi tko označuje ovaj zapis!
Thư viện lưu trữ: Trung tâm Học liệu Trường Đại học Thủ Dầu Một
LEADER 00758nam a2200229Ia 4500
001 TDMU_3776
008 210410s9999 xx 000 0 und d
082 |a 621.319 
090 |b H6508 
100 |a Hoàng, Việt 
245 0 |a Kỹ thuật điện cao áp 
245 0 |c Hoàng Việt 
245 0 |n T2 
245 0 |p Quá điện áp trong hệ thống điện 
260 |a TP.HCM 
260 |b Đại học Quốc gia TP.HCM 
260 |c 2007 
300 |a 285tr. 
520 |a DT Kỹ thuật cao áp 
650 |a Điện cao áp; Hệ thống điện  |x Điện áp 
856 |u http://lrc.tdmu.edu.vn/opac/search/detail.asp?aID=2&ID=3776 
980 |a Trung tâm Học liệu Trường Đại học Thủ Dầu Một